[Event "AUT-chT U18 rapid"]
[Site "Vienna"]
[Date "2023.10.29"]
[Round "3.8"]
[White "Button Rabl, Jiban"]
[Black "Yampolsky, Benjamin"]
[Result "1-0"]
[WhiteElo "1065"]
[BlackElo "852"]
[PlyCount "23"]
[EventDate "2023.10.29"]
[EventType "team-swiss"]
[EventRounds "7"]
[EventCountry "AUT"]
[SourceTitle "Mega2024 Update 01"]
[Source "Chessbase"]
[SourceDate "2023.11.12"]
[SourceVersion "1"]
[SourceVersionDate "2023.11.12"]
[SourceQuality "1"]
[WhiteTeam "Steiermark U18"]
[BlackTeam "Burgenland U18"]
[WhiteTeamCountry "AUT"]
[BlackTeamCountry "AUT"]

1. e4 e5 2. Nf3 Nc6 3. Bc4 Nf6 4. Ng5 Qe7 5. Nxf7 Rg8 6. Nd6+ Qxd6 7. Bxg8 Nxg8 8. Qh5+ g6 9. Qxh7 Nf6 10. Qxg6+ Kd8 11. d3 Qb4+ 12. c3 1-0